[Event "AUT-chT2O 1617"]
[Site "Austria"]
[Date "2017.01.14"]
[Round "6.1"]
[White "Karlusch, Albrecht"]
[Black "Fasser, Walter"]
[Result "1/2-1/2"]
[WhiteElo "2142"]
[BlackElo "1889"]
[PlyCount "90"]
[EventDate "2016.10.15"]
[EventType "team-tourn"]
[EventRounds "11"]
[EventCountry "AUT"]
[SourceTitle "CBM 177 Extra"]
[Source "ChessBase"]
[SourceDate "2017.04.27"]
[SourceVersion "1"]
[SourceVersionDate "2017.04.27"]
[SourceQuality "1"]
[WhiteTeam "Donaustadt"]
[BlackTeam "Poechlarn"]
[WhiteTeamCountry "AUT"]
[BlackTeamCountry "AUT"]

1. e4 d5 2. exd5 Nf6 3. c4 e6 4. d4 exd5 5. Nc3 Be7 6. Nf3 0-0 7. Bd3 dxc4 8. Bxc4 Bg4 9. Be3 Nbd7 10. 0-0 Nb6 11. Bd3 c6 12. h3 Bh5 13. g4 Bg6 14. Ne5 Bxd3 15. Qxd3 Bd6 16. Rad1 Nfd5 17. Bc1 f6 18. Nc4 Bc7 19. Ne4 Nf4 20. Bxf4 Bxf4 21. Nc5 Qd5 22. b3 Nxc4 23. bxc4 Qf7 24. d5 cxd5 25. cxd5 Bd6 26. Ne6 Rfe8 27. f4 Re7 28. Kh1 Rae8 29. f5 Rd7 30. Rf2 Rc8 31. Rg2 h6 32. Rc2 Rxc2 33. Qxc2 Re7 34. Rb1 Qe8 35. Qc4 Qb8 36. Rc1 Kf7 37. Rc3 Re8 38. Qa4 Re7 39. Qc2 Re8 40. Qa4 Re7 41. Qd1 Re8 42. Re3 Qc8 43. Qd2 Qc4 44. Kg2 Rc8 45. Re2 Bb4 1/2-1/2

[Event "Vienna Kavalier op 8th"]
[Site "Vienna"]
[Date "2013.10.25"]
[Round "2"]
[White "Fasser, Walter"]
[Black "Wallner, Joachim"]
[Result "0-1"]
[WhiteElo "1920"]
[BlackElo "2365"]
[PlyCount "42"]
[EventDate "2013.10.24"]
[EventType "swiss"]
[EventRounds "7"]
[EventCountry "AUT"]
[SourceTitle "EXT 2014"]
[Source "ChessBase"]
[SourceDate "2013.11.20"]
[SourceVersion "1"]
[SourceVersionDate "2013.11.20"]
[SourceQuality "1"]

1. c4 Nf6 2. Nc3 e5 3. e4 Bc5 4. Be2 Nc6 5. Nf3 d6 6. d3 h6 7. Bd2 a6 8. h3 0-0 9. Qc1 Nd4 10. Nxd4 Bxd4 11. Be3 c6 12. Bf3 Nd7 13. Bxd4 exd4 14. Ne2 Ne5 15. Qd2 c5 16. Nf4 b5 17. Be2 f5 18. exf5 Bxf5 19. g4 Bh7 20. Ne6 Qe7 21. Nxf8 Nf3+ 0-1